Die 56 längsten Flüsse in Deutschland - Statistiken

Allgemein
  • Dieses Quiz wurde 1.105 mal gespielt
  • Das Durchschnittsergebnis liegt bei 27 aus 56
Antwortstatistiken
Gesamtlänge Fließt durch...(Bsp. Städte) Fluss % Korrekt
2 857 Ulm, Ingolstadt, Regensburg Donau
99%
1 233 km Basel, Straßburg, Karlsruhe Rhein
99%
1 094 km Pirna, Dresden, Hamburg Elbe
97%
866 km Stettin, Frankfurt, Ostrava Oder
94%
517 km St. Moritz, Passau,Innsbruck Inn
93%
527 km Bamberg, Würzburg,Schweinfurt Main
93%
382 km Bautzen, Cottbus, Berlin Spree
92%
451 km Hameln, Minden, Bremen Weser
90%
286 km München, Landau, Landshut Isar
89%
544 km Trier, Metz, Koblenz Mosel
89%
140 km Gemünden, Bad Kissingen,Hammelburg Fränkische Saale
87%
413 km Saalfeld, Jena, Halle Saale
87%
362 km Rottenburg, Mannheim,Stuttgart Neckar
86%
334 km Oranienburg, Potsdam,Berlin Havel
82%
219 km Dortmund, Hagen, Witten Ruhr
80%
220 km Bebra, Kassel, Fulda Fulda
78%
371 km Gütersloh, Rheine, Leer Ems
75%
235 km Saarbrücken, Merzig, Konz Saar
75%
278 km Alfeld, Göttingen, Hannover Leine
68%
256 km Reutte, Füssen, Augsburg Lech
67%
299 km Meiningen, Hann. Münden Werra
66%
116 km Leverkusen, Wuppertal Wupper
63%
245 km Marburg, Gießen, Wetzlar Lahn
61%
260 km Wolfsburg, Celle, Verden Aller
59%
220 km Paderborn, Hamm, Dorsten Lippe
57%
254 km Zittau, Görlitz, Liberec Lausitzer Neiße
50%
155 km Siegen, Bonn, Siegburg Sieg
43%
257 km Plauen, Gera, Leipzig Weiße Elster
42%
181 km Hoyerswerda, Senftenberg,Kamenz Schwarze Elster
39%
225 km Salzburg Salzach
37%
227 km Eichstätt, Kelheim,Treuchtlingen Altmühl
36%
192 km Mühlhausen, Naumburg,Sömmerda Unstrut
27%
190 km Crailsheim, Ellwangen Jagst
25%
129 km Röttingen, Wertheim,Bad Mergentheim Tauber
25%
147 km Grimma, Wurzen, Eilenburg Mulde
24%
105 km Pforzheim, Mühlacker,Neuenbürg Enz
23%
168 km Aalen, Gaildorf, Neuenstadt Kocher
23%
128 km Braunschweig, Goslar,Wolfenbüttel Oker
20%
176 km Hatzfeld, Fritzlar, Felsberg Eder
19%
189 km Oldenburg, Melle, Diepholz Hunte
19%
106 km Bergheim, Neuss Erft
18%
169 km Meppen, Osnabrück, Melle Hase
18%
188 km Kiel, Rendsburg,Friedrichstadt Eider
17%
125 km Idar-Obersten, Kirn, Bingen Nahe
17%
169 km Staßfurt, Quedlinburg, Thale Bode
16%
168 km Moosburg, Dachau,Fürstenfeldbruck Amper/ Ammer
15%
137 km Augsburg, Kaufbeuren,Marktoberdorf Wertach
15%
208 km Parchim, Lübz, Waren Elde
14%
142 km Gerolstein, Speicher, Pelm Kyll
11%
122 km Lüneburg, Uelzen, Winsen Ilmenau
10%
129 km Hagen, Iserlohn, Altena Lenne
10%
113 km Garmisch-Partenkirchen Loisach
10%
130 km Rheinsberg, Friesack Rhin
9%
111 km Wurmsham, Oberbergkirchen Rott
5%
173 km Langsur, Wallendorf Sauer
5%
182 km Rosendahl, Eggerode Vechte
5%
Keine übereinstimmenden Quizze gefunden
Verteilung der Resultate
Anzahl Personen mit jedem Resultat
Perzentil nach korrekt beantworteten Fragen
Ihre Resultats-Entwicklung
Sie haben dieses Quiz noch nicht gespielt